000 00665nam a2200217Ii 4500
003 JO-AjNU
008 230605s9999||||xx |||||||||||||| ||und||
017 _a595
040 _aJO-AjNU
_bara
_erda
_cJO-AjNU
041 _aara
050 1 4 _aU162.D3 1984
100 3 _aديري، اكرم ,
_eauthor
_935469
245 0 0 _aاراء في الحرب الاستراتيجية وطريقة القيادة
250 _aط3
264 3 1 _aبيروت: المؤسسة العربية للنشر ،1984
300 _a502ص
336 _atext
_btxt
_2rdacontent
337 _aunmediated
_bn
_2rdamedia
338 _avolume
_bnc
_2rdacarrier
650 4 _aالحرب
_935470
999 _aA14648
_c18216
_d18216